<?xml version="1.0" encoding="UTF-8"?>
<marc:record xmlns:marc="http://www.loc.gov/MARC21/slim">
   <marc:leader>00000nam a2200000 a 4500</marc:leader>
   <marc:datafield ind1="1" ind2=" " tag="100">
      <marc:subfield code="a">Weber-Eisenmann, Barbara</marc:subfield>
      <marc:subfield code="4">aut</marc:subfield>
      <marc:subfield code="e">Verfasser/-in</marc:subfield>
   </marc:datafield>
   <marc:datafield ind1=" " ind2=" " tag="653">
      <marc:subfield code="a">Ratgeber</marc:subfield>
   </marc:datafield>
   <marc:datafield ind1=" " ind2=" " tag="653">
      <marc:subfield code="a">Helikopter-Eltern</marc:subfield>
   </marc:datafield>
   <marc:datafield ind1=" " ind2=" " tag="653">
      <marc:subfield code="a">Überbehütete Kinder</marc:subfield>
   </marc:datafield>
   <marc:datafield ind1=" " ind2=" " tag="653">
      <marc:subfield code="a">Überbehütetes Kind</marc:subfield>
   </marc:datafield>
   <marc:datafield ind1=" " ind2=" " tag="653">
      <marc:subfield code="a">Selbstständigkeit Kind</marc:subfield>
   </marc:datafield>
   <marc:datafield ind1=" " ind2=" " tag="653">
      <marc:subfield code="a">starke Kinder</marc:subfield>
   </marc:datafield>
   <marc:datafield ind1=" " ind2=" " tag="653">
      <marc:subfield code="a">Eigenständigkeit Kind</marc:subfield>
   </marc:datafield>
   <marc:datafield ind1=" " ind2=" " tag="653">
      <marc:subfield code="a">Gewaltfreie Sprache Kinder</marc:subfield>
   </marc:datafield>
   <marc:datafield ind1=" " ind2=" " tag="653">
      <marc:subfield code="a">Resilienz für Kinder</marc:subfield>
   </marc:datafield>
   <marc:datafield ind1=" " ind2=" " tag="653">
      <marc:subfield code="a">Urvertrauen</marc:subfield>
   </marc:datafield>
   <marc:datafield ind1=" " ind2=" " tag="653">
      <marc:subfield code="a">Selbstvertrauen Kinder stärken</marc:subfield>
   </marc:datafield>
   <marc:datafield ind1=" " ind2=" " tag="653">
      <marc:subfield code="a">Erziehen ohne Schimpfen</marc:subfield>
   </marc:datafield>
   <marc:datafield ind1=" " ind2=" " tag="653">
      <marc:subfield code="a">emotionale Stärke</marc:subfield>
   </marc:datafield>
   <marc:datafield ind1=" " ind2=" " tag="653">
      <marc:subfield code="a">Bedürfnisorientierte Erziehung</marc:subfield>
   </marc:datafield>
   <marc:datafield ind1=" " ind2=" " tag="653">
      <marc:subfield code="a">beziehungsorientierte Erziehung</marc:subfield>
   </marc:datafield>
   <marc:datafield ind1=" " ind2=" " tag="653">
      <marc:subfield code="a">Bindungsorientierte Erziehung</marc:subfield>
   </marc:datafield>
   <marc:datafield ind1=" " ind2=" " tag="653">
      <marc:subfield code="a">Selbstbewusstsein Kind</marc:subfield>
   </marc:datafield>
   <marc:datafield ind1=" " ind2=" " tag="653">
      <marc:subfield code="a">Innere Stärke Kind</marc:subfield>
   </marc:datafield>
   <marc:datafield ind1=" " ind2=" " tag="653">
      <marc:subfield code="a">Selbstständigkeit fördern Kinder</marc:subfield>
   </marc:datafield>
   <marc:datafield ind1=" " ind2=" " tag="653">
      <marc:subfield code="a">Selbstwirksamkeit</marc:subfield>
   </marc:datafield>
   <marc:datafield ind1=" " ind2=" " tag="653">
      <marc:subfield code="a">Autonomiephase</marc:subfield>
   </marc:datafield>
   <marc:datafield ind1=" " ind2=" " tag="653">
      <marc:subfield code="a">Trotzkopfalter</marc:subfield>
   </marc:datafield>
   <marc:datafield ind1=" " ind2=" " tag="653">
      <marc:subfield code="a">Achtsamkeit in der Familie</marc:subfield>
   </marc:datafield>
   <marc:datafield ind1=" " ind2=" " tag="653">
      <marc:subfield code="a">artgerecht</marc:subfield>
   </marc:datafield>
   <marc:datafield ind1=" " ind2=" " tag="653">
      <marc:subfield code="a">Elternratgeber</marc:subfield>
   </marc:datafield>
   <marc:datafield ind1=" " ind2=" " tag="653">
      <marc:subfield code="a">Entwicklung des Kindes</marc:subfield>
   </marc:datafield>
   <marc:datafield ind1=" " ind2=" " tag="653">
      <marc:subfield code="a">Erziehen auf Augenhöhe</marc:subfield>
   </marc:datafield>
   <marc:datafield ind1=" " ind2=" " tag="653">
      <marc:subfield code="a">Erziehung Kinder</marc:subfield>
   </marc:datafield>
   <marc:datafield ind1=" " ind2=" " tag="653">
      <marc:subfield code="a">glückliche Familie</marc:subfield>
   </marc:datafield>
   <marc:datafield ind1=" " ind2=" " tag="653">
      <marc:subfield code="a">Kinder verstehen</marc:subfield>
   </marc:datafield>
   <marc:datafield ind1=" " ind2=" " tag="653">
      <marc:subfield code="a">Nicola Schmidt</marc:subfield>
   </marc:datafield>
   <marc:datafield ind1=" " ind2=" " tag="653">
      <marc:subfield code="a">Nora Imlau</marc:subfield>
   </marc:datafield>
   <marc:datafield ind1=" " ind2=" " tag="653">
      <marc:subfield code="a">Susanne Mierau</marc:subfield>
   </marc:datafield>
   <marc:datafield ind1=" " ind2=" " tag="653">
      <marc:subfield code="a">Trotzphase</marc:subfield>
   </marc:datafield>
   <marc:datafield ind1=" " ind2=" " tag="653">
      <marc:subfield code="a">Helikopter-Eltern;Überbehütete Kinder;Überbehütete</marc:subfield>
   </marc:datafield>
   <marc:datafield ind1="0" ind2="0" tag="245">
      <marc:subfield code="a">Ich kann das schon!</marc:subfield>
   </marc:datafield>
   <marc:datafield ind1="0" ind2="0" tag="245">
      <marc:subfield code="b">wie du dein Kind liebevoll unterstützt, kleine Aufgaben zu meistern und eigenständig zu werden. Entspannt durch den Familienalltag</marc:subfield>
   </marc:datafield>
   <marc:datafield ind1="0" ind2="0" tag="245">
      <marc:subfield code="c">Weber-Eisenmann, Barbara</marc:subfield>
   </marc:datafield>
   <marc:datafield ind1=" " ind2="1" tag="264">
      <marc:subfield code="a">Hannover</marc:subfield>
      <marc:subfield code="b">humboldt</marc:subfield>
      <marc:subfield code="c">2024</marc:subfield>
   </marc:datafield>
   <marc:datafield ind1=" " ind2=" " tag="250">
      <marc:subfield code="a">Originalausgabe</marc:subfield>
   </marc:datafield>
   <marc:datafield ind1="1" ind2=" " tag="520">
      <marc:subfield code="a">• Praktischer Ratgeber: Werkzeugkoffer voller Impulse, um Kinder in Aufgaben einzubinden und ihre Selbstständigkeit zu fördern • Entspannter Familienalltag: Tipps und Strategien, um den Alltag mit 2–6-jährigen Kindern zu entspannen und gleichzeitig die kindliche Entwicklung zu unterstützen • Pädagogische Expertise: Von der erfahrenen Pädagogin Barbara Weber-Eisenmann verfasst, basierend auf fundierten Erkenntnissen zur kindlichen Entwicklung Kann mein Kind das schon? Kann ich ihm zutrauen, sich allein anzuziehen, die Zähne zu putzen, das Zimmer aufzuräumen oder eigene Ideen bei Langeweile zu entwickeln? In diesem Ratgeber erklärt Pädagogin Barbara Weber-Eisenmann Eltern, wie Eltern die Eigenständigkeit ihres Kindes unterstützen, indem sie es in ihre Alltagsaufgaben einbeziehen. Das Beste: So fördern sie nicht nur die kindliche Entwicklung und das Bedürfnis nach Autonomie, sondern finden auch selbst mehr Entspannung. Anhand von typischen Tagesabläufen zeigt der Ratgeber, welche Aufgaben Kinder spielerisch bewältigen können, wie dadurch ihre Selbstwirksamkeit und Eigenständigkeit gestärkt werden und Eltern gleichzeitig wieder mehr Freiraum für eigene Bedürfnisse gewinnen. Ganz nach dem Motto „Wie ich dir helfe, eigenständig zu werden – wie du mir hilfst, weniger Zeitdruck zu haben.“&#xD;
&#xD;
So werden Familien ein gutes Team&#xD;
Der wertschätzende und respektvolle Umgang miteinander ist die Basis für ein harmonisches Familienleben. Dazu gehört ein Verständnis für die Bedürfnisse, Sorgen, Ängste und Emotionen aller Familienmitglieder. Sprache und der achtsame Umgang mit Worten sind dabei wichtige Faktoren. Genauso wie der persönliche Freiraum und Rückzugsmöglichkeiten für alle, um gut und gestärkt durch den Familienalltag zu kommen. Der Ratgeber zeigt, wie Eltern und Kind ein gutes und starkes Team werden. Barbara Weber-Eisenmann liefert wertvolle Impulse und Tipps, mit denen Eltern ihr Kind liebevoll begleiten, Bedürfnisse erkennen und Konflikte klug lösen können&#xD;
&#xD;
Neuer Familienalltag: So wird die Selbstwirksamkeit des Kindes gestärkt und der Stress für Eltern verringert&#xD;
Selbstwirksamkeit ist das Gefühl und das Vertrauen in sich selbst, Herausforderungen zu meistern und Probleme selbst zu lösen. In der Entwicklung deines Kindes spielt sie eine sehr wichtige Rolle. Besonders in der Autonomiephase wollen Kinder viel selbst machen und testen ihre Eigenständigkeit. Barbara Weber-Eisenmann erklärt, wie Eltern dieses Bedürfnis unterstützen können. Sie setzt dabei auf die Pädagogik von Maria Montessori, bei der „Hilf mir, es selbst zu tun!“ im Mittelpunkt steht. In ihrem Ratgeber geht sie durch den typischen Familien-Tagesablauf und zeigt, in welchen Momenten Eltern ihr Kind gut einbeziehen können.&#xD;
&#xD;
Die Autorin&#xD;
Barbara Weber-Eisenmann ist Pädagogin, Bloggerin und Mutter. Als erfahrene Leiterin im Kita- und Grundschulbereich weiß sie, welche Sorgen und Fragen Eltern besonders beschäftigen. Die gefragte Expertin setzt sich beruflich und privat für eine bindungsorientierte Begleitung von Kindern ein. Aufgrund ihrer liebevollen Sicht auf die Kleinsten und ihrer praktischen Tipps folgen ihr zehntausende Eltern auf ihren Social-Media-Kanälen.</marc:subfield>
   </marc:datafield>
   <marc:datafield ind1=" " ind2=" " tag="020">
      <marc:subfield code="a">9783842617292</marc:subfield>
      <marc:subfield code="9">9783842617292</marc:subfield>
   </marc:datafield>
   <marc:datafield ind1=" " ind2=" " tag="020">
      <marc:subfield code="a">3842617291</marc:subfield>
      <marc:subfield code="9">3842617291</marc:subfield>
   </marc:datafield>
   <marc:datafield ind1=" " ind2=" " tag="041">
      <marc:subfield code="a">ger</marc:subfield>
   </marc:datafield>
   <marc:datafield ind1=" " ind2=" " tag="300">
      <marc:subfield code="b">Illustrationen</marc:subfield>
   </marc:datafield>
   <marc:datafield ind1=" " ind2=" " tag="338">
      <marc:subfield code="a">Band</marc:subfield>
   </marc:datafield>
   <marc:datafield ind1=" " ind2=" " tag="300">
      <marc:subfield code="a">240 Seiten</marc:subfield>
   </marc:datafield>
</marc:record>
